000 00905nam a2200229Ia 4500
008 100315s9999 xx 000 0 und d
040 _cENGLISH 
082 _b9323 
_a658 
100 _a"Goel, S.L. "
245 _aModernizing Administrative Management : Management Techniques and Administrative Research
260 _aChandigarh 
_bArun  
_c1981 
300 _a"xii,256  "
365 _eRupees 
_d
_b75.00 
366 _f
505 _gVaibhav Gaikwad 
530 _bDonated By RBI Library  
620 _a"Modernizing Administrative Management, Management, Management Techniques and Administrative Research, RBI Book "
630 _aModernizing Administrative Management : Management Techniques and Administrative Research
650 _aMANAGEMENT 
730 _aModernizing Administrative Management : Management Techniques and Administrative Research
942 _cBOOK
999 _c484057
_d484054